| 000 | 00647nam a2200193 a 4500 | ||
|---|---|---|---|
| 001 | 000039912 | ||
| 005 | 20201002033814.0 | ||
| 008 | 130729s1961 mx 000 0 spa d | ||
| 040 |
_aDO-SdBNP _bspa _cBNPHU |
||
| 082 |
_axxx _bxxx |
||
| 100 | 1 |
_aFrank, Waldo _966119 |
|
| 245 | 1 | 0 |
_aObras escogidas / _cWaldo David Frank ; traducción de María R. Oliver ... [et al.] prólogo de Ramón Barce. |
| 260 |
_aMéxico : _bAguilar, _c1961. |
||
| 300 |
_av. ; _c19 cm. |
||
| 490 | 1 | _aBiblioteca de autores modernos | |
| 700 | 1 |
_aOliver, María R. _etr. _966120 |
|
| 700 | 1 |
_aBarce, Ramón _epról. _966121 |
|
| 830 | 0 |
_aBiblioteca de autores modernos _923890 |
|
| 999 |
_c39402 _d39402 |
||